Ponencia sobre Ley Orgánica Provincial : redactada por el Comité Ejecutivo de la Asamblea de Diputaciones redactada por el Comité Ejecutivo de la Asamblea de Diputaciones
Descripción Física:
24 p. ; 26 cm
MARC
| LEADER | 00000nam a2200000Ia 4500 | ||
|---|---|---|---|
| 001 | 20448 | ||
| 003 | BGR | ||
| 005 | 20260324180151.0 | ||
| 008 | 160829s1931 xx 000 0 cat d | ||
| 080 | |a 3784, exp. 4 | ||
| 245 | |a Ponencia sobre Ley Orgánica Provincial : |b redactada por el Comité Ejecutivo de la Asamblea de Diputaciones | ||
| 260 | |a Madrid : |b Imp. Provincial, |c 1931 | ||
| 300 | |a 24 p. ; |c 26 cm | ||
| 650 | |a Espanya. Ley Orgánica Províncial (1931) |9 36723 | ||
| 650 | |a Espanya |x Províncies |x Dret i legislació |9 29785 | ||
| 711 | |a Asamblea de Diputaciones Provinciales de España |c (Barcelona : |d 1931) |9 70479 | ||
| 901 | |a Arxiu | ||
| 942 | |n 1 |2 udc |c MON | ||
| 952 | |0 0 |1 0 |4 0 |6 3784_EXP_4 |7 1 |9 54493 |a Arxiu |b Arxiu |d 2016-12-01 |l 0 |o 3784, exp. 4 |p 20448 |r 2016-12-01 00:00:00 |w 2016-12-01 |y ARXIU | ||
| 999 | |c 58362 |d 58362 | ||